000
00188 a2200097 4500
020
_a
9789682710056
041
_a
spa
100
_a
Mortiz, Joaquin
245
_a
Muertos Incomodos
942
_c
BK
999
_c
8672
_d
8672